00860nam a2200181 a 450000100100000000500170001000800410002704000250006808200150009324500430010826000410015130000200019250000890021295201280030195201130042995201190054299900170066100004598620201002052549.0150605s2004 dr 000 0 spa d aDO-SdBNPbspacBNPHU axxxxbxxxx00aNovena to :bSaint Ignatius of Loyola. a[s.l.] :bSociety of Jesus,c[s.f.]. a12 p. ;c22 cm. aFounder of the society of Jesus patron of the spiritual exercises. Feast day july 31 001054708DSaGRbGRcCTd2015-06-05iLF1l0oxxxx xxxxp45986-30r2020-06-25te. 3w2020-06-25yLFDSZPréstamo en sala 0010718PDaPDbPDcCTd2015-06-05iLF1l0oxxxx xxxxp45986-10r2020-06-25w2020-06-25yLFPDZNo se presta 0010718PDaPDbPDcCTd2015-06-05iLF1l0oxxxx xxxxp45986-20r2020-06-25te. 2w2020-06-25yLFPDZNo se presta c45475d45475